Statistics for Geography Groups

Click here to take the quiz!

General Stats

  • This quiz has been taken 209 times
  • The average score is 29 of 33

Answer Stats

Answer% Correct
OceansPacific
99%
OceansAtlantic
99%
Nordic CountriesFinland
98%
OceansIndian
98%
Nordic CountriesSweden
98%
Nordic CountriesNorway
98%
Nordic CountriesDenmark
97%
Nordic CountriesIceland
96%
UK CountryEngland
96%
UK CountryWales
96%
UK CountryScotland
95%
European Countries under 1000 Sq kmVatican City
94%
UK CountryNorthern Ireland
94%
NYC BoroughsManhattan
89%
European Countries under 1000 Sq kmMonaco
89%
Capitals of South AfricaCape Town
89%
European Countries under 1000 Sq kmSan Marino
89%
European Countries under 1000 Sq kmAndorra
89%
European Countries under 1000 Sq kmLiechtenstein
88%
North American Great LakesMichigan
86%
OceansArctic
85%
Capitals of South AfricaPretoria
81%
NYC BoroughsThe Bronx
80%
NYC BoroughsQueens
80%
European Countries under 1000 Sq kmMalta
80%
North American Great LakesSuperior
79%
North American Great LakesErie
79%
NYC BoroughsBrooklyn
76%
North American Great LakesOntario
75%
North American Great LakesHuron
75%
OceansSouthern
66%
NYC BoroughsStaten Island
64%
Capitals of South AfricaBloemfontein
60%

Score Distribution

Percentile by Number Answered

Percent of People with Each Score

Your Score History

You have not taken this quiz